000
00272nam a22001217a 4500
008
181030b xxu||||| |||| 00| 0 eng d
041
_a
eng
080
_a
101
100
_a
24
101
_a
FIL
245
_a
The Moral Animus of David Hume
_c
Siebert ,D.T
942
_2
udc
_c
BK
999
_c
51137
_d
51137